000 00666nam a2200217Ia 4500
003 OSt
005 20221007065436.0
006 a|||||r|||| 00| 0
007 ta
008 221006b |||||||| |||| 00| 0 eng d
024 _a42,862
037 _cDissertations
040 _aFLL
_cFLL
_beng
041 _2eng
_aeng
100 _aSoni Shikha
_9687017
245 0 _aConsumer protection act 1986
_b working of consumer dispute redressal forums towards the redressal of grievances of the consumers
260 _aFaculty
_bof law University of Delhi
_c2015
300 _a131 xvii`
_ccm.
942 _cDIS
_2CC
999 _c1137300
_d1137300